000 00320pab a2200133 454500
008 180718b1988 xxu||||| |||| 00| 0 eng d
100 _aFujral, G.S.
245 _aValuse of dissent in growth of corporations
260 _c1988
300 _a21-2
650 _aCorporations
773 _aManagement Reivew
909 _a6706
999 _c6706
_d6706